[Event "Barcelona Sant Marti op-B 23rd"]
[Site "Barcelona"]
[Date "2023.07.17"]
[Round "5"]
[White "Rull Monclus, Arnau"]
[Black "Porta Chicote, David"]
[Result "0-1"]
[WhiteElo "1458"]
[BlackElo "1496"]
[PlyCount "104"]
[EventDate "2023.07.13"]
[EventType "swiss"]
[EventRounds "9"]
[EventCountry "ESP"]
[SourceTitle "CBM 215 Extra"]
[Source "ChessBase"]
[SourceDate "2023.09.30"]
[SourceVersion "1"]
[SourceVersionDate "2023.09.30"]
[SourceQuality "1"]

1. e4 e5 2. Nf3 d6 3. h3 Nf6 4. Nc3 Be7 5. Bc4 Be6 6. b3 Nbd7 7. 0-0 0-0 8. d4 Bxc4 9. bxc4 exd4 10. Qxd4 Nc5 11. Ba3 Ne6 12. Qe3 c6 13. Rfd1 Qc7 14. e5 dxe5 15. Bxe7 Qxe7 16. Nxe5 Rfd8 17. Nf3 Qb4 18. Ne5 h6 19. Rab1 Rxd1+ 20. Rxd1 Rd8 21. Rxd8+ Nxd8 22. Ne4 Nxe4 23. Qxe4 Qe7 24. Qd4 Ne6 25. Qxa7 Nf4 26. Nf3 Kh7 27. g3 Nxh3+ 28. Kh2 Ng5 29. Nd4 Qd7 30. c3 Ne4 31. Qa3 Nxf2 32. Kg2 Ne4 33. Qc1 b5 34. cxb5 cxb5 35. Qc2 f5 36. g4 g6 37. gxf5 gxf5 38. Kf3 Kg7 39. Kf4 Kf6 40. Qd3 Qc7+ 41. Kf3 Qg3+ 42. Ke2 Nxc3+ 43. Kd2 Ne4+ 44. Kc2 Qc7+ 45. Kb1 Qc3 46. Qxc3 Nxc3+ 47. Kb2 b4 48. Nc6 Nd5 49. Kb3 f4 50. Nd4 Ke5 51. Kc4 Ke4 52. Kc5 h5 0-1

[Event "Barcelona La Lira op 12th"]
[Site "Barcelona"]
[Date "2019.06.06"]
[Round "9"]
[White "Abascal Vicente, Ignacio"]
[Black "Porta Chicote, David"]
[Result "1/2-1/2"]
[WhiteElo "1677"]
[BlackElo "1401"]
[PlyCount "75"]
[EventDate "2019.04.04"]
[EventType "swiss"]
[EventRounds "9"]
[EventCountry "ESP"]
[SourceTitle "CBM 190 Extra"]
[Source "ChessBase"]
[SourceDate "2019.07.15"]
[SourceVersion "1"]
[SourceVersionDate "2019.07.15"]
[SourceQuality "1"]

1. e4 e5 2. Nf3 Nc6 3. Bb5 d6 4. d4 exd4 5. Nxd4 Bd7 6. Nxc6 bxc6 7. Bc4 Nf6 8. Nc3 Be7 9. 0-0 0-0 10. Bf4 Be6 11. Bxe6 fxe6 12. e5 Nd5 13. Nxd5 cxd5 14. Qg4 Rf5 15. Rfe1 Qc8 16. Re2 Rb8 17. c3 dxe5 18. Bxe5 Bf6 19. Bxf6 Rxf6 20. Rae1 Rb6 21. b3 c5 22. Re5 Rf5 23. Qxf5 exf5 24. Re8+ Qxe8 25. Rxe8+ Kf7 26. Re5 Re6 27. Rxf5+ Kg6 28. g4 Rd6 29. Kf1 c4 30. b4 d4 31. cxd4 Rxd4 32. f3 c3 33. Rc5 Rxb4 34. Rxc3 Rb1+ 35. Kf2 Rb2+ 36. Kg3 Rxa2 37. h4 a5 38. h5+ 1/2-1/2

[Event "Montcada op-B 26th"]
[Site "Montcada"]
[Date "2018.06.25"]
[Round "1"]
[White "Losada Ferriz, Juan Manel"]
[Black "Porta Chicote, David"]
[Result "1/2-1/2"]
[WhiteElo "1878"]
[BlackElo "1516"]
[PlyCount "70"]
[EventDate "2018.06.25"]
[EventType "swiss"]
[EventRounds "9"]
[EventCountry "ESP"]
[SourceTitle "EXT 2019"]
[Source "ChessBase"]
[SourceDate "2018.10.10"]
[SourceVersion "1"]
[SourceVersionDate "2018.10.10"]
[SourceQuality "1"]

1. e4 e5 2. Nf3 d6 3. Bc4 Bg4 4. h3 Bh5 5. d3 Nf6 6. 0-0 Be7 7. c3 Nbd7 8. Re1 0-0 9. Nbd2 c6 10. Nf1 Bg6 11. Ng3 Qc7 12. Nh4 d5 13. Nxg6 hxg6 14. Bb3 Rad8 15. Qf3 Nc5 16. Bc2 dxe4 17. Nxe4 Ncxe4 18. dxe4 a5 19. Be3 c5 20. Rad1 b6 21. Rxd8 Rxd8 22. Rd1 Rxd1+ 23. Qxd1 Qd7 24. Qxd7 Nxd7 25. Ba4 Nf8 26. Kf1 Ne6 27. Ke2 Kf8 28. Bd7 Nf4+ 29. Kf3 Nd3 30. Bb5 Nxb2 31. Bc1 Nd1 32. Bd2 Nb2 33. Bc1 Nd1 34. Bd2 Nb2 35. Bc1 Nd1 1/2-1/2

[Event "Barcelona Primavera La Lira op 11th"]
[Site "Barcelona"]
[Date "2018.04.12"]
[Round "1"]
[White "Porta Chicote, David"]
[Black "Bieg Pagel, Clemens"]
[Result "0-1"]
[WhiteElo "1534"]
[BlackElo "1849"]
[PlyCount "52"]
[EventDate "2018.04.12"]
[EventType "swiss"]
[EventRounds "9"]
[EventCountry "ESP"]
[SourceTitle "CBM 184 Extra"]
[Source "ChessBase"]
[SourceDate "2018.06.28"]
[SourceVersion "1"]
[SourceVersionDate "2018.06.28"]
[SourceQuality "1"]

1. e4 e5 2. Bc4 Nf6 3. d3 Bc5 4. Be3 Qe7 5. Nc3 c6 6. h3 0-0 7. Nf3 Bxe3 8. fxe3 d5 9. exd5 e4 10. dxe4 Nxe4 11. Qd4 Nd6 12. Bd3 Re8 13. e4 Nd7 14. 0-0-0 c5 15. Qf2 c4 16. Be2 b5 17. e5 Nxe5 18. Kb1 Bd7 19. Nxe5 Qxe5 20. Bf3 Qf6 21. Rhe1 b4 22. Ne2 b3 23. Nc3 Bf5 24. axb3 cxb3 25. Ka1 Bxc2 26. Rd4 Rxe1+ 0-1

[Event "Barcelona Primavera La Lira op 8th"]
[Site "Barcelona"]
[Date "2015.04.23"]
[Round "3"]
[White "Porta Chicote, David"]
[Black "Serentill Tost, Eduard"]
[Result "1/2-1/2"]
[WhiteElo "1808"]
[BlackElo "1618"]
[PlyCount "91"]
[EventDate "2015.04.09"]
[EventType "swiss"]
[EventRounds "9"]
[EventCountry "ESP"]
[SourceTitle "CBM 166 Extra"]
[Source "ChessBase"]
[SourceDate "2015.06.18"]
[SourceVersion "1"]
[SourceVersionDate "2015.06.18"]
[SourceQuality "1"]

1. d4 Nf6 2. c4 g6 3. Nf3 Bg7 4. e3 d6 5. Nc3 0-0 6. Bd3 Nbd7 7. 0-0 Re8 8. b3 e5 9. dxe5 dxe5 10. e4 Nc5 11. Bc2 b6 12. Be3 Qxd1 13. Raxd1 Na6 14. Nb5 Bd7 15. Nc3 Rad8 16. Rd2 Ng4 17. Rfd1 Nxe3 18. fxe3 Nb8 19. Nd5 c6 20. Nc3 Kf8 21. Ng5 h6 22. Nf3 Ke7 23. Ne2 Be6 24. Rxd8 Rxd8 25. Rxd8 Kxd8 26. h3 Na6 27. Ng3 Kd7 28. h4 Nb4 29. Bb1 f6 30. h5 g5 31. Nf5 Bf8 32. Kf2 a5 33. Ne1 a4 34. Nd3 Nxd3+ 35. Bxd3 axb3 36. axb3 Kc7 37. g4 Kb7 38. Ke2 Ka6 39. c5+ b5 40. b4 Kb7 41. Kd2 Kc7 42. Be2 Kd7 43. Kc3 Bg8 44. Ng3 Ba2 45. Bd3 Be6 46. Nf5 1/2-1/2

[Event "Barcelona La Lira op 33rd"]
[Site "Barcelona"]
[Date "2015.03.13"]
[Round "9"]
[White "Porta Chicote, David"]
[Black "Serentill Tost, Eduard"]
[Result "0-1"]
[WhiteElo "1860"]
[BlackElo "1618"]
[PlyCount "114"]
[EventDate "2015.01.16"]
[EventType "swiss"]
[EventRounds "9"]
[EventCountry "ESP"]
[SourceTitle "EXT 2016"]
[Source "ChessBase"]
[SourceDate "2015.10.08"]
[SourceVersion "1"]
[SourceVersionDate "2015.10.08"]
[SourceQuality "1"]

1. d4 Nf6 2. c4 g6 3. Nc3 Bg7 4. Nf3 d6 5. e3 0-0 6. Be2 Nbd7 7. 0-0 e5 8. b4 Nh5 9. Bb2 f5 10. h3 e4 11. Nh2 Qg5 12. Bxh5 gxh5 13. Nd5 Nf6 14. Nxc7 Rb8 15. Nb5 a6 16. Nxd6 Bd7 17. Kh1 Ne8 18. Nxe8 Rbxe8 19. Rg1 Kh8 20. Qe2 Rf6 21. a4 Ref8 22. d5 Rg6 23. Bxg7+ Rxg7 24. b5 Rf6 25. f4 Qh6 26. h4 Rfg6 27. Qf2 Rg3 28. Ra2 Be8 29. Qe1 Qb6 30. Re2 Qc5 31. Qc3 axb5 32. Rb1 bxc4 33. Rxb7 Qxd5 34. Rxg7 Rxg7 35. Rd2 Qb7 36. Rb2 Qd7 37. Rd2 Qxa4 38. Rd8 Kg8 39. Rxe8+ Qxe8 40. Qxc4+ Kh8 41. Qd4 h6 42. Nf1 Qg6 43. Qd2 Qf6 44. g3 Qa1 45. Qe2 Rxg3 46. Kh2 Rg4 47. Kh3 Qg7 48. Qf2 Rg1 49. Kh2 Rg6 50. Ng3 Ra6 51. Nxf5 Qf7 52. Qb2+ Kh7 53. Qg7+ Qxg7 54. Nxg7 Kxg7 55. Kg3 Kf6 56. Kf2 Kf5 57. Kg3 Ra3 0-1

[Event "Barcelona Primavera La Lira op 7th"]
[Site "Barcelona"]
[Date "2014.06.12"]
[Round "8"]
[White "Porta Chicote, David"]
[Black "Leiro Giralt, Daniel"]
[Result "0-1"]
[WhiteElo "1700"]
[BlackElo "2225"]
[PlyCount "98"]
[EventDate "2014.04.03"]
[EventType "swiss"]
[EventRounds "9"]
[EventCountry "ESP"]
[SourceTitle "EXT 2015"]
[Source "ChessBase"]
[SourceDate "2014.11.20"]
[SourceVersion "1"]
[SourceVersionDate "2014.11.20"]
[SourceQuality "1"]

1. e4 e5 2. Nc3 Nf6 3. Bc4 Nc6 4. Nf3 Nxe4 5. Bxf7+ Kxf7 6. Nxe4 d5 7. Neg5+ Kg8 8. d4 h6 9. Nh3 e4 10. Ne5 Bxh3 11. gxh3 Qf6 12. Nxc6 bxc6 13. Be3 Rb8 14. b3 Bb4+ 15. Kf1 Bc3 16. Rb1 Rd8 17. Qg4 Bxd4 18. Bxd4 Qxd4 19. Qe6+ Kh7 20. Rg1 Qf6 21. Qg4 Rhf8 22. Rg2 e3 23. Qe2 Rde8 24. Rd1 Kh8 25. Kg1 exf2+ 26. Qxf2 Qxf2+ 27. Rxf2 Kg8 28. Rxf8+ Kxf8 29. Kf2 Re4 30. Rd3 Ke7 31. Rg3 Kf6 32. Rf3+ Ke7 33. Re3 Ke6 34. Rxe4+ dxe4 35. Ke3 Ke5 36. c3 g5 37. b4 Kd5 38. a4 Kc4 39. Kxe4 Kxc3 40. b5 cxb5 41. axb5 Kc4 42. Kf5 Kxb5 43. Kg6 c5 44. Kxh6 c4 45. Kxg5 c3 46. h4 c2 47. h5 c1Q+ 48. Kg6 Qc3 49. h6 Qh8 0-1